000 00420nab a2200145Ia 4500
003 ES-SlBCS
005 20210601125250.0
008 140529s1986 xxu||||| |||| 00| 0 eng d
041 _aeng
100 1 _aJohnsen, Bredo C.
_9156127
245 0 4 _aThe Given
_c Bredo C. Johnsen
650 0 4 _aConocimiento
_9113574
773 0 _tPhilosophy and Phenomenological Research
_gvol. 47, 1986, págs. 597-614
_wRev1411
942 _cAR
999 _c527496
_d527496